MDQL
is popping MORE tags! Check the
thread
!
Quizzes
Events
Quiz Creation
Community
Videos
Private Events
Remove Ads
Sign In
Join for FREE
Feedback
Dark Mode
Quiz Categories
Sports
Geography
Music
Movies
Television
Just For Fun
Miscellaneous
History
Literature
Language
Science
Gaming
Entertainment
Religion
Holiday
For Kids
Quiz Lab
Recent
Popular Today
Quiz Kudos Today
Editor Picks
Curator Picks
Quizzes by...
Day
Popularity
Type
Ratings
Length
Year
Community
Subscriptions
Recent Discussions
Orange Saloon
Badges
Playlists
Quests
Create
Leaderboards
Showdown
Live 5
Trivia Bingo
Activity
Puzzle Library
Sporcle Events
Private Events
Virtual Trivia
Globe League
Become a Host
Pub Owners
SporcleCon
Opinionation
Our Games
Videos
Blog
Mobile Apps
Partnerships
Remove Ads and Go Orange
Feedback
Movies
Disney
Marvel Cinematic Universe
Movie Resume
Movie Titles
Oscar
Actor
Actress
Director
Pixar
Role
Movie Quotes
Movie Characters
Box Office
Nominee
Best Picture
Star Wars
James Bond
Horror Movies
Movies
Disney
Marvel Cinematic Universe
Movie Resume
Movie Titles
Oscar
Actor
Actress
Director
Pixar
Role
Movie Quotes
Movie Characters
Box Office
Nominee
Best Picture
Star Wars
James Bond
Horror Movies
Random Quiz
Search Sporcle
×
Quiz Lab
Quiz Lab
Movies
Box Office
Type in answers that appear in a list
Type in answers that appear in a list
Classic
Best Score? Go Orange.
Top 10 Box Office 2000-10 (Fresh Only) Stats
Can you name the Movies In The Top 10 Box Office From 2000-10 That Were Fresh According To Rotten Tomatoes?
By
cwpix09
20m
69 Questions
183 Plays
183 Plays
183 Plays
Comments
Comments
Give Quiz Kudos
Give Quiz Kudos
-
- Ratings
hide this ad
Replay
Link that replays current quiz
Next Quiz
Link to next quiz in quiz playlist
You Got
0%
They Got
Avg Score
45%
Avg Friend Score
Upgrade to see
Score Distribution
Jump to the score distribution portion of the page
Score
0/69
Timer
20:00
0
Plays Today
Year
Film
% Correct
2008
The Dark Knight
79.8%
2010
Toy Story 3
77.6%
2001
The Lord of the Rings: The Fellowship of the Ring
73.2%
2002
The Lord of the Rings: The Two Towers
73.2%
2003
Lord of the Rings: Return of the King
73.2%
2001
Shrek
72.7%
2009
Avatar
71%
2001
Harry Potter and the Sorcerer's Stone
70.5%
2002
Harry Potter and the Chamber of Secrets
70.5%
2004
Harry Potter and the Prisoner of Azkaban
70.5%
2005
Harry Potter and the Goblet of Fire
70.5%
2009
Up
70.5%
2007
Harry Potter and the Order of the Phoenix
69.9%
2009
Harry Potter and the Half-Blood Prince
69.9%
2002
Spider-Man
69.4%
2003
Finding Nemo
68.9%
2008
WALL-E
68.9%
2010
Harry Potter and the Deathly Hallows, Part I
68.3%
2004
Shrek 2
67.8%
2005
Batman Begins
67.2%
2004
Spider-Man 2
64.5%
2004
Incredibles
62.8%
2006
Cars
61.2%
2008
Iron Man
60.7%
2000
Gladiator
59%
2007
Spider-Man 3
57.4%
2001
Monsters, Inc.
56.8%
2003
Pirates of the Caribbean: The Curse of the Black Pearl
55.7%
2010
Inception
55.2%
2000
X-Men
50.3%
2010
Iron Man 2
50.3%
2005
Star Wars: Episode III - Revenge of the Sith
46.4%
2003
X2: X-Men United
45.9%
2002
Star Wars: Episode II - Attack of the Clones
44.8%
2009
The Hangover
44.8%
Year
Film
% Correct
2002
Chicago
41%
2002
Ice Age
37.7%
2008
Kung Fu Panda
37.7%
2010
How To Train Your Dragon
36.6%
2008
Indiana Jones and the Kingdom of the Crystal Skull
33.3%
2006
Casino Royale
31.7%
2007
The Bourne Ultimatum
31.1%
2010
Tangled
31.1%
2005
Chronicles of Narnia: The Lion, The Witch, and The Wardrobe
30.6%
2005
King Kong
30.6%
2006
Superman Returns
30.1%
2004
The Bourne Supremacy
29.5%
2005
War of the Worlds
29.5%
2009
Star Trek
29.5%
2001
Ocean's Eleven
29%
2007
I Am Legend
27.9%
2008
Madagascar 2: Escape 2 Africa
27.9%
2010
Despicable Me
27.9%
2003
Matrix Reloaded
26.2%
2008
Quantum of Solace
26.2%
2009
The Blind Side
26.2%
2000
Cast Away
25.7%
2005
Wedding Crashers
25.7%
2009
Sherlock Holmes
23.5%
2005
Charlie and the Chocolate Factory
23%
2000
Meet the Parents
22.4%
2002
Signs
22.4%
2006
Happy Feet
21.9%
2003
Elf
20.2%
2007
300
20.2%
2003
Terminator 3: Rise of the Machines
19.1%
2002
My Big Fat Greek Wedding
16.4%
2008
Dr. Seuss' Horton Hears a Who
13.7%
2006
The Pursuit of Happyness
12%
Quiz Playlist
Details
Report
Send in Message
Add To Playlist
Classic:
Type in answers that appear in a list
Quiz Source
Last Updated: Feb 16, 2017
Quiz Scoreboard
CHALLENGE
Sign Up to Join the Scoreboard
Show All
Scores
Hide
Comments
May contain spoilers
Recently Published
1-10 Letter E Words III
by El_Dandy
Language
2m
Street Fighter Characters
by Artimus82
Gaming
60s
College Basketball Coaching Resumes
by pancakes188
Sports
9m
More to Explore
Quiz From the Vault
Featured Blog Post
Where Did the Easter Bunny Come From?
hide this ad
You Might Also Like...
Tags
Box Office Quiz
Box
fresh
Meter
office
rotten
tomato
Top 10
Today's Top Quizzes in Movies
Browse Movies
hide this ad
Today's Top Quizzes in Box Office
Browse Box Office
Top Contributed Quizzes in Movies
1
Pick 5 Posters: Directed by Spielberg
2
7-to-1: Pixar Characters
3
Hidden Star Wars Character II
4
Hidden Star Wars Character III
5
Pick 5 Posters: Lowest-Rated Spielberg
6
Hidden Star Wars Character IV
7
Sorting Actresses
8
Sorting Actors
9
Hidden Star Wars Character V
10
Pick 5 Posters: Directed by Scorsese
Explore More
Trending Topics
Anime
Kpop
Disney
Crossword
Marvel
NBA
Harry Potter
Puzzle
NFL
Song
Soccer
WWE
Pokémon
Country
The Office
hide this ad
More By:
cwpix09
Quiz
Plays
Rating
Category
Featured
Created
Star Wars Crawl (Episode IV)
175,513
4.43
Movies
Dec 8, 2010
Star Wars Crawl (Episode V)
51,088
4.61
Movies
Dec 9, 2010
Star Wars Crawl (Episode VI)
47,228
4.52
Movies
Dec 13, 2010
Star Wars Crawl (Episode I)
31,404
4.18
Movies
Dec 13, 2010
Star Wars Crawl (Episode III)
28,218
4.60
Movies
Dec 13, 2010
Go to Creator's Profile
Score Distribution
Quiz Creator Spotlight
cwpix09
Follow
Send a Message
Quizzes Created
-
Created Quiz Play Count
-
More By This Creator
Popular Quizzes Today
1
Find the US States - No Outlines Minefield
2
Find the Countries of Europe - No Outlines Minefield
3
The Countries of the World
4
Find the US States
5
Risky Map Clicking: Biggest States A-Z
6
US States
7
Popular People in 1961
8
Movies - When Are They Set?
More Movies Quizzes
Click a Movie, Initially - Superhero Movies
Published
Trending Quizzes
Risky Map Clicking: Least Populous States A-Z
1-10 Letter G Words
Countries of the World: 200 Million BC
1-10 Letter F Words
Risky Map Clicking: Next State Alphabetically
Recently Updated
Rides in Walt Disney World
pecheneg
Most Oscar Losses (Acting)
pecheneg
Beyoncé Albums
pecheneg
Leaping Animals
pecheneg
Reality TV Shows (A-Z)
bhenderson79
Rickey Henderson's Hall of Fame Teammates
pecheneg
Champions League XIs: Arsenal
pecheneg
Quick Pick: Celebrities in WWE's Hall of Fame
aduchscher
A-Z Keypad Blitz II
pecheneg
Multiple Oscar Actors
pecheneg
Trending Topics
Harry Potter
Kpop
Disney
NBA
Marvel
Anime
Crossword
Puzzle
WWE
The Office
Soccer
Song
NFL
Country
Pokémon
Your Account Isn't Verified!
In order to create a playlist on Sporcle, you need to verify the email address you used during registration. Go to your
Sporcle Settings
to finish the process.
Report this User
Report this user for behavior that violates our
Community Guidelines
.
Details:
Send Report
Go to the Sporcle.com Mobile Site →
Comments